|
|
|
|
| LEADER |
00000nam0a2200000 4500 |
| 001 |
251930 |
| 005 |
20231101232713.0 |
| 010 |
|
|
|a 9785445835417
|
| 035 |
|
|
|a (RuTPU)RU\TPU\book\274242
|
| 090 |
|
|
|a 251930
|
| 100 |
|
|
|a 20140225d2014 km y0rusy50 ca
|
| 101 |
0 |
|
|a rus
|
| 102 |
|
|
|a RU
|
| 105 |
|
|
|a y z 001zy
|
| 200 |
1 |
|
|a Старые и новые боги Японии
|f С. А. Арутюнов
|
| 210 |
|
|
|a Москва
|c Директ-Медиа
|d 2014
|
| 215 |
|
|
|a 272 с.
|
| 225 |
1 |
|
|a Наследники Геродота
|
| 330 |
|
|
|a С. А. Арутюнов — современный российский этнолог, этнограф, социальный антрополог, историк; доктор исторических наук, член-корреспондент Российской академии наук. В своей книге, выдержавшей не одно переиздание, ученый рассказывает о Японии и ее народе через призму верований и традиционных обрядов этой дальневосточной страны.
|
| 606 |
1 |
|
|a Японцы
|x Этнология
|2 stltpush
|3 (RuTPU)RU\TPU\subj\68556
|9 83785
|
| 610 |
1 |
|
|a Япония
|
| 610 |
1 |
|
|a этнография
|
| 610 |
1 |
|
|a боги
|
| 610 |
1 |
|
|a верования
|
| 610 |
1 |
|
|a традиции
|
| 686 |
|
|
|a Т52(5Яп)
|v LBC/SL-A
|2 rubbk
|
| 700 |
|
1 |
|a Арутюнов
|b С. А.
|g Сергей Александрович
|
| 801 |
|
1 |
|a RU
|b 63413507
|c 20140225
|
| 801 |
|
2 |
|a RU
|b 63413507
|c 20140710
|g RCR
|
| 942 |
|
|
|c BK
|
| 959 |
|
|
|a 37/20140225
|d 1
|e 623,70
|f ЧЗГЛ:1
|